000 00680nam a2200229 a 4500
001 40866
003 BD-RjUL
005 20211209053305.0
008 160511s1971 ii b 001 0deng
035 _a(BD-RjUL)40981
040 _beng
_aBD-RjUL
_cBD-RjUL
041 _aeng
082 _223
_a301.592
_bSOD 1971
100 1 _aSomjee, A. H.
_9125770
245 1 0 _aDemocracy and political change in village India :
_ba case study /
_c A. H. Somjee.
260 _aNew Delhi
_bOrient Longman
_c1971
300 _axxvii, 189 p. :
_c22 cm.
504 _aIncludes bibliography and index.
650 0 _aPanchayat
_zIndia
_9125771
650 0 _aVillages
_zIndia
_9125772
942 _2ddc
_cBK
999 _c40866
_d40866